Learning Java /

Contenido: ¿Otro lenguaje más?; La primera aplicación; Herramientas de negociación; El lenguaje Java; Objetos en Java; Relaciones entre clases; Trabajar con objetos y clases; Hilos; Clases de utilidades básicas; Facilidades de entrada/salida; Programación en red con sockets y RMI; Programar para la...

Fuld beskrivelse

Guardado en:
Bibliografiske detaljer
Hovedforfatter: Niemeyer, Patrick (autor)
Andre forfattere: Knudsen, Jonathan (autor) (autor)
Format: Bog
Sprog:engelsk
Udgivet: Sebastopol, EUA : O'Reilly, 2000, c2000
Fag:
Tags: Tilføj Tag
Ingen Tags, Vær først til at tagge denne postø!

MARC

LEADER 00000nam^a2200000^a^4500
001 000135098
005 20250521000000.0
009 20260310095232.81
020 |a 1-56592-718-4 
025 |a Donación sin dato, 1 volumen (1 ejemplar del volumen 1) 
037 |a Acervo ITESO - Biblioteca 
041 |a ING 
082 |a 005. 133  |b NIE 
100 |a Niemeyer, Patrick  |e (autor) 
240 1 1 |a [Curso de Java] 
245 1 0 |a Learning Java /  |c P. Niemeyer, J. Knudsen. 
264 4 |a Sebastopol, EUA :  |b O'Reilly,  |c 2000, c2000 
300 |a XVI, 707 p. +  |e 1 disco compacto de computadora 
336 |a texto  |b txt  |2 rdacontenido 
337 |a sin mediación  |b n  |2 rdamedio 
338 |a volumen  |b nc  |2 rdasoporte 
520 |a Contenido: ¿Otro lenguaje más?; La primera aplicación; Herramientas de negociación; El lenguaje Java; Objetos en Java; Relaciones entre clases; Trabajar con objetos y clases; Hilos; Clases de utilidades básicas; Facilidades de entrada/salida; Programación en red con sockets y RMI; Programar para la red; Swing; Uso de los componentes de swing; Más componentes de swing; Administradores de diseño; Dibujar con la interfaz de programación de la aplicación 2D; Funcionamiento con imágenes y otros archivos media; Beans de Java; Subprogramas; Controladores de contenido y de protocolo; BeanShell: cifrado sencillo de Java. 
649 |a XX 
650 |a Cómputo Distribuido 
650 |a Páginas en Línea -  |x Diseño y Construcción 
650 |a Interfaz Gráfica de Usuario 
650 |a Interfaz de Usuario 
650 |a Internet 
650 |a Redes de Computadoras 
650 |a Telecomunicaciones 
650 |a Lenguajes de Programación -  |x Tema Principal 
650 |a Programación Orientada a Objetos 
650 |a Programación (Software) 
650 |a Desarrollo de Sistemas 
650 |a Sistemas Computacionales 
650 |a Ingeniería Computacional 
700 |a Knudsen, Jonathan  |e (autor) 
910 |a Fondo General 
920 |a Impresos - Libros 
930 |a Colección General 
905 |a 101 
901 |a 0500064429  |b IT1  |c ACC  |i D  |u 20250521 
901 |a SFW0000351  |b IT2  |c SWS  |i D  |u 20250521 
901 |a 0500152233  |b IT1  |c ACC  |i D  |u 20250521 
902 |a https://opac.biblio.iteso.mx/vufind/Record/000135098